Using readers in language teaching

Сохранить в:
Библиографические подробности
Формат:
Опубликовано: 1985
Метки: Добавить метку
Нет меток, Требуется 1-ая метка записи!
Thư viện lưu trữ: Mạng thư viện Đại học Đà Nẵng
LEADER 00445nam a22001811a 4500
001 000037981
003 14276
005 20160412021208.0
008 160412s1985 000
082 |a 4A(07)1496-97 
245 |a Using readers in language teaching  |c Tricia Hedge 
260 |c 1985 
OWN |a LNN 
999 |a From the UDN01 
TYP |a Monograph 
980 |a Mạng thư viện Đại học Đà Nẵng